introduction to abstraction algebric systems (Record no. 316593)

000 -LEADER
fixed length control field 00282 a2200121 4500
001 - CONTROL NUMBER
control field 81520
082 ## - DEWEY DECIMAL CLASSIFICATION NUMBER
Classification number 512.02 SIN
090 ## - LOCALLY ASSIGNED LC-TYPE CALL NUMBER (OCLC); LOCAL CALL NUMBER (RLIN)
-- 39763
-- 39763
100 ## - MAIN ENTRY--PERSONAL NAME
Personal name Singh
245 ## - TITLE STATEMENT
Title introduction to abstraction algebric systems
260 ## - PUBLICATION, DISTRIBUTION, ETC.
Place of publication, distribution, etc. ND
Name of publisher, distributor, etc. Dominent Pub
Date of publication, distribution, etc. 2000
300 ## - PHYSICAL DESCRIPTION
Extent 295 p.
942 ## - ADDED ENTRY ELEMENTS (KOHA)
Institution code [OBSOLETE] NUST CAE
Call number prefix 512.02 SIN
Holdings
Withdrawn status Lost status Damaged status Not for loan Collection code Permanent Location Current Location Date acquired Total Checkouts Full call number Barcode Date last seen Price effective from Koha item type
          College of Aeronautical Engineering (CAE) College of Aeronautical Engineering (CAE) 04/03/2017   512.02 SIN CAEN-860 04/05/2017 04/05/2017 Book
© 2023 Central Library, National University of Sciences and Technology. All Rights Reserved.